Nachbarländer verschiedener Länder der Welt Karten-Quiz - Statistiken

Allgemein
  • Dieses Quiz wurde 69 mal gespielt
  • Das Durchschnittsergebnis liegt bei 25 aus 35
Antworten auf der Karte
Die Antworten werden auf der Karte rot bzw. grün angezeigt, abhängig davon wie oft sie richtig erraten wurden.
 
Antwortstatistiken
Antwort % Korrekt
Nigeria
85%
Algerien
83%
Argentinien
81%
Mali
81%
Tschad
81%
Brasilien
79%
Peru
79%
Chile
77%
Demokratische Republik Kongo
77%
Mosambik
77%
Paraguay
77%
Simbabwe
77%
Angola
75%
Iran
75%
Libyen
75%
Botswana
74%
Mexiko
72%
Pakistan
72%
Namibia
70%
Malawi
68%
Honduras
66%
Turkmenistan
66%
Belize
64%
Benin
64%
Burkina Faso
64%
El Salvador
64%
Tadschikistan
64%
Tansania
64%
Tschechien
64%
Österreich
62%
Polen
62%
Ungarn
62%
China
60%
Usbekistan
60%
Ukraine
57%
Keine übereinstimmenden Quizze gefunden
Verteilung der Resultate
Anzahl Personen mit jedem Resultat
Perzentil nach korrekt beantworteten Fragen
Ihre Resultats-Entwicklung
Sie haben dieses Quiz noch nicht gespielt